<?xml version="1.0" encoding="UTF-8"?><?xml-stylesheet type="text/xsl" href="static/style.xsl"?><OAI-PMH xmlns="http://www.openarchives.org/OAI/2.0/" xmlns:xsi="http://www.w3.org/2001/XMLSchema-instance" xsi:schemaLocation="http://www.openarchives.org/OAI/2.0/ http://www.openarchives.org/OAI/2.0/OAI-PMH.xsd"><responseDate>2026-04-18T00:06:53Z</responseDate><request verb="GetRecord" identifier="oai:www.recercat.cat:20.500.12327/3129" metadataPrefix="marc">https://recercat.cat/oai/request</request><GetRecord><record><header><identifier>oai:recercat.cat:20.500.12327/3129</identifier><datestamp>2025-10-22T11:03:52Z</datestamp><setSpec>com_2072_4428</setSpec><setSpec>com_2072_4427</setSpec><setSpec>col_2072_487898</setSpec></header><metadata><record xmlns="http://www.loc.gov/MARC21/slim" xmlns:dcterms="http://purl.org/dc/terms/" xmlns:xsi="http://www.w3.org/2001/XMLSchema-instance" xmlns:doc="http://www.lyncode.com/xoai" xsi:schemaLocation="http://www.loc.gov/MARC21/slim http://www.loc.gov/standards/marcxml/schema/MARC21slim.xsd">
   <leader>00925njm 22002777a 4500</leader>
   <datafield ind2=" " ind1=" " tag="042">
      <subfield code="a">dc</subfield>
   </datafield>
   <datafield ind2=" " ind1=" " tag="720">
      <subfield code="a">Vilà, Borja</subfield>
      <subfield code="e">author</subfield>
   </datafield>
   <datafield ind2=" " ind1=" " tag="720">
      <subfield code="a">Fontgibell, A.</subfield>
      <subfield code="e">author</subfield>
   </datafield>
   <datafield ind2=" " ind1=" " tag="720">
      <subfield code="a">Badiola, Ignacio</subfield>
      <subfield code="e">author</subfield>
   </datafield>
   <datafield ind2=" " ind1=" " tag="720">
      <subfield code="a">Esteve-Garcia, Enric</subfield>
      <subfield code="e">author</subfield>
   </datafield>
   <datafield ind2=" " ind1=" " tag="720">
      <subfield code="a">Jiménez, G.</subfield>
      <subfield code="e">author</subfield>
   </datafield>
   <datafield ind2=" " ind1=" " tag="720">
      <subfield code="a">Castillo, M.</subfield>
      <subfield code="e">author</subfield>
   </datafield>
   <datafield ind2=" " ind1=" " tag="720">
      <subfield code="a">Brufau, J.</subfield>
      <subfield code="e">author</subfield>
   </datafield>
   <datafield ind2=" " ind1=" " tag="260">
      <subfield code="c">2009-05-01</subfield>
   </datafield>
   <datafield ind2=" " ind1=" " tag="520">
      <subfield code="a">The effect of continuously feeding the probiotic microorganism Toyocerin to birds inoculated with&#xd;
Salmonella Enteritidis field-isolated strains on Salmonella Enteritidis prevalence, and performance variables&#xd;
were studied in 2 experiments. The experiments were&#xd;
performed with 1) broiler chickens in floor pens until&#xd;
slaughter 42 d of age, challenge was performed on d 3,&#xd;
7, or 14 with 2 × 106 cfu per chick, and 2) Single Comb&#xd;
White Leghorn chickens in cages until 28 d of age, challenge was performed on d 7 with 108 cfu per chick.&#xd;
The inclusion of Toyocerin in feed of inoculated broiler&#xd;
chickens did significantly (P &lt; 0.05) improve ADG (by&#xd;
3.4 g), BW (by 141 g), and feed conversion ratio (by&#xd;
−0.060 kg/kg) at the end of the trial at 42 d compared with inoculated and untreated birds. At the end of the&#xd;
trial at 42 d, the slaughter age, 42% of untreated birds&#xd;
were still positive for Salmonella, whereas Salmonella&#xd;
was not detected in Toyocerin-treated birds. In Leghorn chickens, at 3 wk after inoculation (the end of the&#xd;
trial), only 38% of birds from the Toyocerin-treated&#xd;
groups were Salmonella-positive, whereas 63% of birds&#xd;
were still Salmonella-positive in the untreated control&#xd;
treatment. No significant differences were detected in&#xd;
performance variables in Leghorn chickens. The results&#xd;
of the present experiments indicate that feeding Toyocerin reduced the prevalence of Salmonella in poultry&#xd;
and in the case of broiler chickens also significantly improved performance variables at slaughter age.</subfield>
   </datafield>
   <datafield ind1="8" ind2=" " tag="024">
      <subfield code="a">Vilà, B, A Fontgibell, I Badiola, E Esteve-Garcia, G Jiménez, M Castillo, and J Brufau. 2009. “Reduction of Salmonella Enterica Var. Enteritidis Colonization and Invasion by Bacillus Cereus Var. Toyoi Inclusion in Poultry Feeds.” Poultry Science 88 (5): 975–979. doi: 10.3382/ps.2008-00483</subfield>
   </datafield>
   <datafield ind1="8" ind2=" " tag="024">
      <subfield code="a">0032-5791</subfield>
   </datafield>
   <datafield ind1="8" ind2=" " tag="024">
      <subfield code="a">http://hdl.handle.net/20.500.12327/3129</subfield>
   </datafield>
   <datafield ind1="8" ind2=" " tag="024">
      <subfield code="a">https://doi.org/10.3382/ps.2008-00483</subfield>
   </datafield>
   <datafield ind2="0" ind1="0" tag="245">
      <subfield code="a">Reduction of Salmonella enterica var. Enteritidis colonization and invasion by Bacillus cereus var. toyoi inclusion in poultry feeds</subfield>
   </datafield>
</record></metadata></record></GetRecord></OAI-PMH>